LEADER 01345nam a2200289 i 4500 001 000000070028 003 CaOOAMICUS 005 20080619000000.0 008 080619s1959 fr u000 u fre u 013 $a41200 040 $aSeMil$bita 100 1 $aPucelle, Jean.$0(OLS)http://semarc/name/541 245 10$a[2]: Le règne des fins :$bl'essence de la civilisation /$cJean Pucelle ; préface de Jean Nabert. 260 $aLyon ; Paris :$bEmmanuel Vitte,$c1959. 300 $a455 p. ;$c19 cm. 490 0 $aProblèmes et doctrines ;$v17 500 $aIn preliminari: Dedica autografa dell'autore. 650 4$aCiviltà - Filosofia.$0(OLS)http://semarc/subject/13931 650 4$aUomo - Studi.$0(OLS)http://semarc/subject/1506 650 4$aCivilizzazione.$0(OLS)http://semarc/subject/3576 700 1 $aNabert, Jean <1881-1960>.$0(OLS)http://semarc/name/15619 773 0 $aPucelle, Jean$tÉtudes sur la valeur.$dLyon ; Paris : Emmanuel Vitte, 1957.$g2$w()685 830 0$aProblèmes et doctrines ;$v17.$0(OLS)http://semarc/title/14171 850 $aSeMil 852 $aSeMil$W1$xVenegono$y1$m2P I 492$j36181$B36181$CSeMilBibl$Z2$F36184 $81 996 $6245$a[2]: Le règne des fins :$bl'essence de la civilisation$9(OLS)http://semarc/title/112310 996 $6260$aLyon ; Paris :$bEmmanuel Vitte$9(OLS)http://semarc/publisher/29961 LEADER 01196nam a2200265 i 4500 001 000000126981 003 CaOOAMICUS 005 20220509162016.0 008 040531s198u vp a u000 u ita u 040 $aSeMil$bita 245 10$a4: Arte tedesca e spagnola :$bsino al 1900 /$ca cura del dr. Horst Vey e del dr. Xavier de Salas. 300 $a296 p. :$bill. ;$c25 cm 541 0 $aFondo card. Giovanni Colombo (5I VI 96) 650 4$aArte - Germania.$0(OLS)http://semarc/subject/2411 650 4$aArte - Spagna.$0(OLS)http://semarc/subject/24875 700 1 $aSalas Bosch, Xavier : de,$d<1907-1982>.$0(OLS)http://semarc/name/52781 700 1 $aVey, Horst,$d<1930- >.$0(OLS)http://semarc/name/52780 773 0 $tLibro d'arte.$dNew York, Montreal, Mexico city, Sydney : Grolier, [198-]?.$gVolume4$w()11710 850 $aSeMil 852 $aSeMil$W1$xVenegono$y1$m5I VI 96$j81319$B81319$CSeMilBibl$Z2$F83458 $8I 852 $aSeMil$W1$xVenegono$y1$m1AA I 38$j232640$B241292$CSeMilBibl$Z2$F241292 $8I 941 1 $a3 961 $aLascito: Colombo Card. Giovanni 996 $6245$a4: Arte tedesca e spagnola :$bsino al 1900$9(OLS)http://semarc/title/187318